000 00314nam a2200133Ia 4500
008 191201s2012 xx 000 0 und d
082 _a621.01
_bBAT
100 _aBALLANEY, PL
245 0 _aThermal Engineering
250 _aRep
260 _c2012
_bKhanna Publisher
_aNEW DELHI
300 _a1506
942 _2ddc
_cBK
999 _c8090
_d8090